[Event "SG Eintracht Neubrandenburg-SF Köln-Mülh"]
[Site "DVM U14 in Arendsee"]
[Date "2009.12.29"]
[Round "5.1"]
[White "Pauly, Carlo"]
[Black "Stövesand, Eric"]
[Result "1-0"]
[WhiteElo "1993"]
[BlackElo "1889"]
[PlyCount "125"]
[EventDate "2009.??.??"]
[WhiteTeam "SF Köln-Mülheim"]
[BlackTeam "SG Eintracht Neubrandenburg"]

1. c4 e6 2. g3 Nf6 3. Bg2 d5 4. Nf3 Nbd7 5. O-O Be7 6. b3 O-O 7. Bb2 b6 8. Nc3
Bb7 9. Rc1 c5 10. cxd5 Nxd5 11. Nxd5 exd5 12. d4 Rc8 13. Rc2 Nf6 14. Qa1 Qd6
15. Rfc1 Rfe8 16. e3 Bf8 17. Ne5 Nd7 18. Nxd7 Qxd7 19. Rd2 Red8 20. Ba3 Rc7 21.
h4 Qe6 22. Qb2 Rdc8 23. dxc5 bxc5 24. Rcd1 Rd8 25. Rd3 Ba8 26. Qd2 Rcd7 27. Kh2
f5 28. Bb2 Rd6 29. Qa5 R6d7 30. Qc3 Rc7 31. b4 c4 32. Rd4 Rcd7 33. a3 Bc6 34.
Re1 Re8 35. Rd2 Qg6 36. b5 Ba8 37. Red1 Red8 38. Qc2 Qe6 39. Qc3 Bb7 40. Qd4
Ba8 41. e4 fxe4 42. Bh3 Qf7 43. Bxd7 Rxd7 44. a4 Rc7 45. Qe3 Re7 46. Qd4 Rc7
47. Qe3 Bd6 48. Bd4 Qe7 49. Kg2 Be5 50. f3 Bxd4 51. Rxd4 exf3+ 52. Qxf3 Rc8 53.
R1d2 Rf8 54. Qc3 Qe1 55. Qc2 Qf1+ 56. Kh2 Bb7 57. Rg2 Qe1 58. Qe2 Qa1 59. Qe6+
Kh8 60. Rf4 Rg8 61. Rgf2 d4 62. Qxg8+ Kxg8 63. Rf8# 1-0

[Event "SG Eintracht Neubrandenburg-SF Köln-Mülh"]
[Site "DVM U14 in Arendsee"]
[Date "2009.12.29"]
[Round "5.2"]
[White "Baier, Christoph"]
[Black "Eigemann, Frederik"]
[Result "1/2-1/2"]
[WhiteElo "1846"]
[BlackElo "1900"]
[PlyCount "130"]
[EventDate "2009.??.??"]
[WhiteTeam "SG Eintracht Neubrandenburg"]
[BlackTeam "SF Köln-Mülheim"]

1. d4 e6 2. c4 Nf6 3. Nc3 Bb4 4. Bg5 b6 5. e3 Bb7 6. Nf3 O-O 7. Bd3 Bxc3+ 8.
bxc3 d6 9. O-O Nbd7 10. Qc2 h6 11. Bh4 Re8 12. e4 e5 13. Rfe1 Qe7 14. a4 a5 15.
Rab1 Qe6 16. h3 Nh5 17. c5 dxc5 18. dxe5 Nxe5 19. Nxe5 Qxe5 20. f3 Nf4 21. Bb5
Re6 22. Kh1 Ng6 23. Bf2 Rd8 24. Red1 Red6 25. Be1 Bc8 26. Rxd6 Qxd6 27. Be2 Kf8
28. Rd1 Qf6 29. Bg3 Qe7 30. Kg1 f6 31. Kf2 Nh8 32. Rxd8+ Qxd8 33. Qd3 Ke7 34.
e5 Qxd3 35. exf6+ gxf6 36. Bxd3 Kd8 37. Bc4 Bd7 38. Bb3 Ng6 39. Ke3 Bc6 40. Be1
Ke7 41. g4 Ne5 42. f4 Nd7 43. h4 c4 44. Bxc4 Bxa4 45. Bd2 Nc5 46. g5 fxg5 47.
fxg5 hxg5 48. hxg5 Bc2 49. Bc1 Kd7 50. Kd4 Nb3+ 51. Bxb3 Bxb3 52. g6 Bg8 53.
Ba3 Kc6 54. c4 Be6 55. g7 Bg8 56. Kc3 Kd7 57. Kd4 c6 58. Bc1 Ke6 59. Kc3 Kf6
60. Be3 b5 61. cxb5 cxb5 62. Bb6 b4+ 63. Kb2 a4 64. Bc5 a3+ 65. Ka1 b3 1/2-1/2

[Event "SG Eintracht Neubrandenburg-SF Köln-Mülh"]
[Site "DVM U14 in Arendsee"]
[Date "2009.12.29"]
[Round "5.3"]
[White "Eigemann, Julian"]
[Black "Valet, Alexander"]
[Result "1/2-1/2"]
[WhiteElo "1851"]
[BlackElo "1781"]
[PlyCount "108"]
[EventDate "2009.??.??"]
[WhiteTeam "SF Köln-Mülheim"]
[BlackTeam "SG Eintracht Neubrandenburg"]

1. e4 d5 2. exd5 Qxd5 3. Nc3 Qa5 4. Bc4 Bf5 5. Nf3 Nf6 6. d3 c6 7. Bd2 Qc7 8.
Qe2 e6 9. Nd4 Bg4 10. f3 Qb6 11. Qe3 c5 12. Nb3 Bf5 13. Na4 Qc6 14. Nc3 a6 15.
a4 Nbd7 16. a5 Be7 17. Qe2 O-O 18. Rg1 b5 19. axb6 Nxb6 20. Bxa6 Nbd5 21. Bb5
Qc7 22. g4 Bg6 23. Rxa8 Rxa8 24. h4 h5 25. g5 Nxc3 26. Bxc3 Nd5 27. Be5 Bd6 28.
Bxd6 Qxd6 29. Bc4 Ra2 30. Bxd5 Qxd5 31. Kf2 Rxb2 32. Rd1 Qd6 33. Kg2 Qc7 34.
Rd2 Qf4 35. Qf2 c4 36. dxc4 Qxc4 37. Qd4 Rxc2 38. Qxc4 Rxc4 39. Rd4 Rxd4 40.
Nxd4 Kh7 41. Kg3 Bd3 42. f4 Kg6 43. Kf3 Bf5 44. Nc6 f6 45. Ke3 Bh3 46. Kf3 Bf1
47. Nd4 Bc4 48. Ke4 Bd5+ 49. Ke3 e5 50. f5+ Kf7 51. g6+ Ke7 52. Ne2 Bb3 53. Kd2
Bd5 54. Ke3 Bb3 1/2-1/2

[Event "SG Eintracht Neubrandenburg-SF Köln-Mülh"]
[Site "DVM U14 in Arendsee"]
[Date "2009.12.29"]
[Round "5.4"]
[White "Stövesand, Peter"]
[Black "Rahmen, Christian"]
[Result "1-0"]
[WhiteElo "1613"]
[BlackElo "1223"]
[PlyCount "119"]
[EventDate "2009.??.??"]
[WhiteTeam "SG Eintracht Neubrandenburg"]
[BlackTeam "SF Köln-Mülheim"]

1. e4 Nf6 2. e5 Nd5 3. c4 Nb6 4. d4 d6 5. exd6 cxd6 6. Nc3 g6 7. Bd3 Bg7 8. Be3
O-O 9. Nge2 Nc6 10. b3 a6 11. Rc1 e5 12. d5 Nb4 13. Bb1 a5 14. O-O Nd7 15. Ng3
f5 16. Bd2 e4 17. Nb5 Bb2 18. Bxb4 axb4 19. Rc2 Be5 20. Qd2 Nc5 21. Qxb4 Nd3
22. Qd2 Bd7 23. Nc3 Qb6 24. Kh1 Qd8 25. Nce2 Qh4 26. f3 Rae8 27. f4 Bg7 28. Qe3
Bc8 29. Rd2 Nc5 30. Ng1 Qf6 31. N1e2 Bd7 32. Nd4 Na6 33. Nge2 Rb8 34. Nc3 Nc7
35. Bc2 b5 36. Ra1 Rfc8 37. Bd1 bxc4 38. bxc4 Rb7 39. Bb3 Ra8 40. Rc1 Na6 41.
g4 Nc5 42. g5 Qd8 43. Ncb5 Bxb5 44. Nxb5 Nd3 45. Rcd1 Rc8 46. Rxd3 Rxb5 47.
cxb5 exd3 48. Rxd3 Rc5 49. a4 Qc7 50. Qe6+ Kf8 51. Re3 Qd8 52. b6 Rc8 53. a5
Ra8 54. b7 Rxa5 55. Qe8+ Qxe8 56. Rxe8+ Kxe8 57. b8=Q+ Kf7 58. Qc7+ Kf8 59.
Qxa5 Ke7 60. Qc7+ 1-0

[Event "SC Forchheim-Aachener SV 1856"]
[Site "DVM U14 in Arendsee"]
[Date "2009.12.29"]
[Round "5.1"]
[White "Titgemeyer, Sven"]
[Black "Mons, Leon"]
[Result "0-1"]
[WhiteElo "1907"]
[BlackElo "2119"]
[PlyCount "62"]
[EventDate "2009.??.??"]
[WhiteTeam "Aachener SV 1856"]
[BlackTeam "SC Forchheim"]

1. e4 e5 2. Nf3 Nc6 3. Bb5 a6 4. Ba4 Nf6 5. O-O Be7 6. Re1 b5 7. Bb3 d6 8. c3
O-O 9. h3 Na5 10. Bc2 c5 11. d4 Qc7 12. Nbd2 Rd8 13. Nf1 cxd4 14. cxd4 exd4 15.
Nxd4 d5 16. e5 Ne4 17. Bf4 Bc5 18. Ne3 Nc4 19. Nxc4 Nxf2 20. Qd2 dxc4 21. Be3
Qb6 22. Qxf2 Bxd4 23. Rad1 Bxe3 24. Rxd8+ Qxd8 25. Qxe3 Be6 26. Rd1 Qc7 27.
Bxh7+ Kf8 28. Be4 Rd8 29. Qa3+ Kg8 30. Rxd8+ Qxd8 31. Qxa6 Qd4+ 0-1

[Event "SC Forchheim-Aachener SV 1856"]
[Site "DVM U14 in Arendsee"]
[Date "2009.12.29"]
[Round "5.3"]
[White "Hagmanns, Raphael"]
[Black "Nöttling, Dominik"]
[Result "0-1"]
[WhiteElo "1578"]
[BlackElo "1688"]
[PlyCount "32"]
[EventDate "2009.??.??"]
[WhiteTeam "Aachener SV 1856"]
[BlackTeam "SC Forchheim"]

1. e4 c5 2. Nf3 Nc6 3. d4 cxd4 4. Nxd4 g6 5. Be3 Bg7 6. c3 Nf6 7. Bd3 d5 8.
exd5 Nxd5 9. Be4 Nxe3 10. fxe3 Nxd4 11. exd4 e5 12. Qe2 O-O 13. dxe5 Re8 14.
O-O Rxe5 15. Qf3 Qe7 16. Bd5 Qc5+ 0-1

[Event "SC Forchheim-Aachener SV 1856"]
[Site "DVM U14 in Arendsee"]
[Date "2009.12.29"]
[Round "5.4"]
[White "Förstel, Markus"]
[Black "Ucaroglu, Melih Furkan"]
[Result "1/2-1/2"]
[WhiteElo "1382"]
[BlackElo "1392"]
[PlyCount "67"]
[EventDate "2009.??.??"]
[WhiteTeam "SC Forchheim"]
[BlackTeam "Aachener SV 1856"]

1. e4 e5 2. Nf3 Nc6 3. Bc4 Nf6 4. Nc3 Be7 5. d3 d6 6. Be3 Bg4 7. h3 Bh5 8. g4
Bg6 9. Qd2 Nd7 10. Ng1 Nb6 11. Bb3 Na5 12. Nge2 Nxb3 13. cxb3 f6 14. f4 Qd7 15.
f5 Bf7 16. O-O-O d5 17. d4 dxe4 18. dxe5 Qxd2+ 19. Rxd2 fxe5 20. Nxe4 Bb4 21.
Rc2 O-O-O 22. Bc5 Bd5 23. N2g3 Bxc5 24. Rxc5 Rhe8 25. Rd1 Bxe4 26. Rxd8+ Rxd8
27. Nxe4 Rd5 28. Rxd5 Nxd5 29. Ng5 Nf4 30. Kd2 Kd7 31. Ke3 h6 32. Nf7 Nxh3 33.
Nxe5+ Kd6 34. Ng6 1/2-1/2

[Event "SG Königskinder Hohentübingen-USV TU Dre"]
[Site "DVM U14 in Arendsee"]
[Date "2009.12.29"]
[Round "5.1"]
[White "Osmanodja, Filiz"]
[Black "Estedt, Jonathan"]
[Result "0-1"]
[WhiteElo "2034"]
[BlackElo "1788"]
[PlyCount "75"]
[EventDate "2009.??.??"]
[WhiteTeam "USV TU Dresden"]
[BlackTeam "SG Königskinder Hohentübingen"]

1. e4 c6 2. d4 d5 3. Nc3 dxe4 4. Nxe4 Nd7 5. Ng5 e6 6. Qh5 Qe7 7. Bd3 Ngf6 8.
Qe2 h6 9. Ne4 Nxe4 10. Qxe4 e5 11. Ne2 exd4 12. Nxd4 Qxe4+ 13. Bxe4 Nc5 14. Bf3
Bd7 15. O-O O-O-O 16. Be3 a6 17. a4 Ne6 18. Nb3 Bd6 19. Rfe1 Bf4 20. Bxf4 Nxf4
21. Re7 Rhf8 22. Nc5 Ng6 23. Re3 Kc7 24. Be4 Nf4 25. b4 Rfe8 26. Rae1 f5 27.
Bf3 Rxe3 28. Rxe3 Re8 29. Nxd7 Kxd7 30. Rxe8 Kxe8 31. g3 Ne6 32. c3 Ke7 33. Kf1
Kd6 34. Ke2 Ke5 35. Kd3 f4 36. Bg2 g5 37. g4 Nc7 38. c4 0-1

[Event "SG Königskinder Hohentübingen-USV TU Dre"]
[Site "DVM U14 in Arendsee"]
[Date "2009.12.29"]
[Round "5.2"]
[White "Jansen, Lauritz"]
[Black "Neef, Maximilian"]
[Result "0-1"]
[WhiteElo "1655"]
[BlackElo "1859"]
[PlyCount "146"]
[EventDate "2009.??.??"]
[WhiteTeam "SG Königskinder Hohentübingen"]
[BlackTeam "USV TU Dresden"]

1. d4 d5 2. Bf4 Nf6 3. e3 c5 4. c3 Qb6 5. Qb3 Nc6 6. Nd2 g6 7. Ngf3 Bg7 8. Rc1
c4 9. Qxb6 axb6 10. a3 b5 11. Be2 Bf5 12. Nh4 Bd7 13. Bd1 h6 14. Nhf3 Bf5 15.
O-O O-O 16. Bc2 Bxc2 17. Rxc2 Ne4 18. Nxe4 dxe4 19. Nd2 f5 20. f3 exf3 21. Nxf3
Rad8 22. Re2 Rfe8 23. e4 e5 24. dxe5 g5 25. Bg3 f4 26. Bf2 Bxe5 27. h3 Rd3 28.
Bb6 Re7 29. Kf2 Kg7 30. Ne1 Rdd7 31. Nc2 Kg6 32. Bc5 Re8 33. Nb4 Nxb4 34. Bxb4
Bd6 35. Bxd6 Rxd6 36. g3 Rde6 37. Rd1 Rxe4 38. Rd6+ Kf5 39. g4+ Ke5 40. Rxh6
Rxe2+ 41. Kxe2 Re6 42. Rh7 b6 43. h4 Kf6+ 44. Kf2 Kg6 45. Rh8 gxh4 46. Rxh4 Kg5
47. Rh5+ Kxg4 48. Rxb5 f3 49. Kf1 Kg3 50. a4 Rh6 51. Rg5+ Kf4 52. Rg8 Rh1+ 53.
Kf2 Rh2+ 54. Kf1 Rxb2 55. Re8 Rc2 56. Re6 Rxc3 57. Rxb6 Ke3 58. Re6+ Kd2 59. a5
Ra3 60. Rd6+ Kc1 61. Rc6 c3 62. a6 c2 63. Kf2 Kd2 64. Rd6+ Kc1 65. Rc6 Rd3 66.
a7 Rd8 67. Kxf3 Kd1 68. Rd6+ Rxd6 69. a8=Q c1=Q 70. Qa4+ Qc2 71. Qa1+ Kd2 72.
Kf2 Qc5+ 73. Kg2 Rg6+ 0-1

[Event "SG Königskinder Hohentübingen-USV TU Dre"]
[Site "DVM U14 in Arendsee"]
[Date "2009.12.29"]
[Round "5.3"]
[White "Pfefferkorn, Kai"]
[Black "Müller, Nils Samuel"]
[Result "1-0"]
[WhiteElo "1530"]
[BlackElo "1576"]
[PlyCount "117"]
[EventDate "2009.??.??"]
[WhiteTeam "USV TU Dresden"]
[BlackTeam "SG Königskinder Hohentübingen"]

1. e4 e5 2. Nf3 Nc6 3. d4 exd4 4. Nxd4 Bc5 5. Nb3 Bb6 6. a4 a6 7. Nc3 d6 8. Bd3
Nf6 9. Bg5 h6 10. Bh4 Ba7 11. Nd5 g5 12. Bg3 Nxd5 13. exd5 Qe7+ 14. Qe2 Qxe2+
15. Bxe2 Nb4 16. O-O-O Bf5 17. c3 Bc2 18. cxb4 Bxb3 19. Rde1 O-O 20. h4 Bxd5
21. hxg5 hxg5 22. Rh5 f6 23. Reh1 Be4 24. Bf3 Bxf3 25. gxf3 Rae8 26. Rh8+ Kf7
27. Rxf8+ Rxf8 28. Rh7+ Ke6 29. Rxc7 Rb8 30. Rc2 Bd4 31. Re2+ Be5 32. b3 Rc8+
33. Kd2 Kf5 34. Re3 d5 35. Rd3 d4 36. Ke2 Ke6 37. Kd2 f5 38. f4 Bxf4+ 39. Bxf4
gxf4 40. Rxd4 Ke5 41. Rd7 Rb8 42. f3 Ke6 43. Rc7 Rd8+ 44. Kc3 b5 45. Rc6+ Rd6
46. Rxd6+ Kxd6 47. axb5 axb5 48. Kd4 Ke6 49. Kc5 Ke5 50. Kxb5 Kd4 51. Kc6 Ke3
52. b5 Kxf3 53. b6 Kg2 54. b7 f3 55. b8=Q f2 56. Qg8+ Kf3 57. Qd5+ Kf4 58. Qg2
Ke3 59. Qf1 1-0

[Event "SG Königskinder Hohentübingen-USV TU Dre"]
[Site "DVM U14 in Arendsee"]
[Date "2009.12.29"]
[Round "5.4"]
[White "Reimer, Benedict"]
[Black "Teich, Thomas"]
[Result "1-0"]
[WhiteElo "1447"]
[BlackElo "1496"]
[PlyCount "73"]
[EventDate "2009.??.??"]
[WhiteTeam "SG Königskinder Hohentübingen"]
[BlackTeam "USV TU Dresden"]

1. e4 e6 2. d4 d5 3. exd5 exd5 4. Be3 Bd6 5. Nf3 Bg4 6. Nbd2 Ne7 7. Bd3 Nbc6 8.
c3 Qd7 9. b4 f6 10. a4 O-O 11. O-O Bf5 12. Qb1 Kh8 13. Re1 Rae8 14. Re2 Bxd3
15. Qxd3 Nf5 16. Rae1 Nce7 17. Nb3 b6 18. b5 Ng6 19. g3 Nfe7 20. Nfd2 Qg4 21.
Kh1 Qh3 22. f4 Qg4 23. Rg2 Nf5 24. Nf1 Re7 25. Nbd2 Rfe8 26. Rge2 h5 27. Qc2 h4
28. Rg2 h3 29. Rge2 Nf8 30. Qd3 Ng6 31. Qc2 Re6 32. Qd3 Kg8 33. Rf2 Nh8 34. c4
dxc4 35. Qxc4 Nf7 36. Qc3 Nd8 37. Nf3 1-0

[Event "Sabt Frankfurter TV 1860-SV Merseburg"]
[Site "DVM U14 in Arendsee"]
[Date "2009.12.29"]
[Round "5.1"]
[White "Gering, Samuel"]
[Black "Medvedovski, Michael"]
[Result "1-0"]
[WhiteElo "1915"]
[BlackElo "1768"]
[PlyCount "79"]
[EventDate "2009.??.??"]
[WhiteTeam "SV Merseburg"]
[BlackTeam "Sabt Frankfurter TV 1860"]

1. d4 d5 2. c4 e6 3. Nc3 c5 4. cxd5 exd5 5. Nf3 Nc6 6. g3 Nf6 7. Bg2 Be7 8. O-O
O-O 9. dxc5 Bxc5 10. Bg5 d4 11. Bxf6 Qxf6 12. Ne4 Qe7 13. Nxc5 Qxc5 14. Rc1 Qb6
15. Qd2 Be6 16. a3 Bd5 17. Ng5 Bxg2 18. Qc2 g6 19. Kxg2 Rad8 20. Nf3 Rfe8 21.
Rfd1 Qb5 22. Rd3 Qd5 23. Kg1 Qe4 24. Rd2 d3 25. Rxd3 Rxd3 26. Qxd3 Qxe2 27. Qb3
Re6 28. Kg2 Rf6 29. Rc3 Nd4 30. Qxb7 Nxf3 31. Rxf3 Rxf3 32. Qxf3 Qa6 33. h4 Qb6
34. b4 Qa6 35. Qa8+ Kg7 36. Qf3 Qa4 37. Qc3+ Kg8 38. Qb2 a6 39. Qc3 h6 40. h5 {
ZUe} 1-0

[Event "Sabt Frankfurter TV 1860-SV Merseburg"]
[Site "DVM U14 in Arendsee"]
[Date "2009.12.29"]
[Round "5.2"]
[White "Diyap, Murat"]
[Black "Knopf, Felix"]
[Result "1/2-1/2"]
[WhiteElo "1678"]
[BlackElo "1645"]
[PlyCount "107"]
[EventDate "2009.??.??"]
[WhiteTeam "Sabt Frankfurter TV 1860"]
[BlackTeam "SV Merseburg"]

1. e4 c5 2. Nf3 d6 3. d4 cxd4 4. Nxd4 Nf6 5. Nc3 a6 6. a4 e6 7. Bc4 Qc7 8. Bb3
Be7 9. O-O O-O 10. f4 b6 11. f5 e5 12. Nf3 Bb7 13. Re1 Nbd7 14. Re2 Rac8 15.
Kh1 Qb8 16. Bg5 h6 17. Bxf6 Nxf6 18. Nd2 Qa8 19. Nc4 Qa7 20. Qg1 Nxe4 21. Nxe4
Bxe4 22. Rxe4 d5 23. Nxb6 dxe4 24. Nxc8 Qxg1+ 25. Kxg1 Rxc8 26. Kf2 Bc5+ 27.
Ke2 Rd8 28. Rd1 Rxd1 29. Kxd1 Kf8 30. Bd5 e3 31. a5 Ke7 32. c3 f6 33. b4 Kd6
34. Bc4 Ba7 35. Bxa6 Kd5 36. Ke2 Ke4 37. Bb7+ Kxf5 38. b5 Bc5 39. Bc8+ Ke4 40.
Bb7+ Kf5 41. Bd5 g5 42. b6 e4 43. b7 Ba7 44. c4 Ke5 45. g4 Kd4 46. Bf7 Kc5 47.
Kxe3 Kc6+ 48. Kxe4 Kxb7 49. Kd5 Ka6 50. Kc6 Kxa5 51. c5 Kb4 52. Kd5 Bxc5 53.
Ke6 Bd4 54. Kf5 1/2-1/2

[Event "Sabt Frankfurter TV 1860-SV Merseburg"]
[Site "DVM U14 in Arendsee"]
[Date "2009.12.29"]
[Round "5.3"]
[White "Hoffmann, Dustin"]
[Black "Abrahamyan, Arsen"]
[Result "1-0"]
[WhiteElo "1471"]
[BlackElo "1599"]
[PlyCount "113"]
[EventDate "2009.??.??"]
[WhiteTeam "SV Merseburg"]
[BlackTeam "Sabt Frankfurter TV 1860"]

1. e4 c5 2. Nf3 Nc6 3. d4 cxd4 4. Nxd4 e5 5. Nb5 d6 6. N1c3 a6 7. Na3 b5 8. Nd5
Nf6 9. Bg5 Be7 10. Nxf6+ Bxf6 11. Bxf6 Qxf6 12. c3 O-O 13. Bd3 Be6 14. O-O Qg6
15. Nc2 Na5 16. Ne3 Nc4 17. Bxc4 bxc4 18. Nf5 Bxf5 19. exf5 Qf6 20. Qd5 Rac8
21. Rfd1 Rfd8 22. Qa5 Qxf5 23. Qxa6 d5 24. Qb5 Qe6 25. Rd2 d4 26. Rad1 d3 27.
a4 e4 28. Qg5 h6 29. Qe3 f5 30. a5 Ra8 31. Ra1 Rf8 32. f3 f4 33. Qxe4 Qxe4 34.
fxe4 Rfe8 35. Kf2 g5 36. Kf3 Re5 37. a6 Ra7 38. Ra4 Rc5 39. h4 Kg7 40. hxg5
hxg5 41. b4 Rb5 42. Rda2 Rb6 43. Ra5 Kg6 44. Kg4 Rd6 45. Rxg5+ Kh6 46. Ra1 Kh7
47. Rh1+ Rh6 48. Rxh6+ Kxh6 49. Rh5+ Kg6 50. b5 Rd7 51. Rh1 Kf6 52. b6 Ke5 53.
Kf3 d2 54. Rd1 Rd3+ 55. Ke2 Kxe4 56. a7 Re3+ 57. Kxd2 1-0

[Event "Sabt Frankfurter TV 1860-SV Merseburg"]
[Site "DVM U14 in Arendsee"]
[Date "2009.12.29"]
[Round "5.4"]
[White "Keller, Peter"]
[Black "Feuerherdt, Martin"]
[Result "1/2-1/2"]
[WhiteElo "1621"]
[BlackElo "1382"]
[PlyCount "132"]
[EventDate "2009.??.??"]
[WhiteTeam "Sabt Frankfurter TV 1860"]
[BlackTeam "SV Merseburg"]

1. e4 e5 2. Nf3 Nc6 3. Bc4 Bc5 4. c3 Nf6 5. d3 a6 6. Bb3 d6 7. O-O Bg4 8. Nbd2
O-O 9. Re1 Re8 10. Nf1 h6 11. Ng3 Qd7 12. h3 Be6 13. Bc2 b5 14. a3 d5 15. exd5
Bxd5 16. Be3 Bd6 17. Nh4 e4 18. Nhf5 exd3 19. Bxd3 Bxg3 20. Nxg3 Ne5 21. Bd4
Nxd3 22. Qxd3 Bc4 23. Qf5 Be6 24. Qc5 Qd6 25. Qxd6 cxd6 26. Bxf6 gxf6 27. Ne4
Kg7 28. Nxd6 Rg8 29. Rad1 Kh8 30. Kh2 Bb3 31. Rd4 Rad8 32. Nf5 Rxd4 33. Nxd4
Bd5 34. f3 Rg5 35. h4 Re5 36. Rxe5 fxe5 37. Nf5 Kh7 38. Kg3 h5 39. Kf2 Be6 40.
Ng3 Kg6 41. Nf1 f5 42. Nd2 Bc4 43. b3 Be6 44. Ke2 Kf6 45. Kd3 Ke7 46. c4 Kd6
47. Kc3 Kc5 48. b4+ Kc6 49. c5 Bd5 50. Kd3 Be6 51. Kc3 Bd5 52. Nf1 f4 53. Nd2
Kc7 54. Kd3 Kd7 55. Ke2 Ke6 56. Kd3 Kd7 57. Ne4 Ke6 58. Ng5+ Kf6 59. Ke2 Kg6
60. Kf2 Kh6 61. g3 fxg3+ 62. Kxg3 Kg6 63. Kf2 Kf5 64. Ke3 Bc6 65. Ne4 Bxe4 66.
fxe4+ Ke6 1/2-1/2

[Event "FC Ergolding 1932-SG Grün-Weiß Baumschul"]
[Site "DVM U14 in Arendsee"]
[Date "2009.12.29"]
[Round "5.1"]
[White "Mittelstädt, Joel"]
[Black "Oberpriller, Johannes"]
[Result "0-1"]
[WhiteElo "1626"]
[BlackElo "1735"]
[PlyCount "100"]
[EventDate "2009.??.??"]
[WhiteTeam "SG Grün-Weiß Baumschulenweg"]
[BlackTeam "FC Ergolding 1932"]

1. b4 e5 2. Bb2 Bxb4 3. Bxe5 Nf6 4. Nc3 Nc6 5. Bxf6 Qxf6 6. Nd5 Qd6 7. Nxb4
Qxb4 8. a3 Qe7 9. c4 b6 10. e3 Bb7 11. Nf3 O-O 12. Be2 f5 13. O-O Rae8 14. Re1
Qf6 15. d4 f4 16. d5 Na5 17. Bd3 fxe3 18. fxe3 Ba6 19. Qe2 Nb3 20. Rab1 Nc5 21.
Nd4 g6 22. Rf1 Qg7 23. Rbd1 Qe5 24. Rxf8+ Rxf8 25. Re1 Re8 26. Qd2 Nxd3 27.
Qxd3 Qxd5 28. Qxg6+ hxg6 29. cxd5 Bc4 30. Rc1 b5 31. Rc3 Re5 32. a4 a6 33. axb5
axb5 34. Nc2 Rxd5 35. Nb4 Rd6 36. Kf2 c5 37. Nc2 Rd3 38. Rxd3 Bxd3 39. Ne1 Be4
40. Ke2 d5 41. Kd2 Kf7 42. Nd3 Bxd3 43. Kxd3 Ke6 44. e4 dxe4+ 45. Kxe4 b4 46.
g4 b3 47. Kd3 c4+ 48. Kc3 g5 49. h3 Ke5 50. h4 gxh4 0-1

[Event "FC Ergolding 1932-SG Grün-Weiß Baumschul"]
[Site "DVM U14 in Arendsee"]
[Date "2009.12.29"]
[Round "5.2"]
[White "Schnurr, Christian"]
[Black "Kümpfel, Max"]
[Result "1-0"]
[WhiteElo "1709"]
[BlackElo "1542"]
[PlyCount "53"]
[EventDate "2009.??.??"]
[WhiteTeam "FC Ergolding 1932"]
[BlackTeam "SG Grün-Weiß Baumschulenweg"]

1. e4 e5 2. f4 Nc6 3. Nf3 d6 4. Bc4 Be7 5. O-O Bg4 6. Bxf7+ Kd7 7. Bc4 Nf6 8.
Nc3 Nd4 9. Be2 Bxf3 10. Bxf3 h5 11. d3 exf4 12. Bxf4 Ne6 13. Be3 c6 14. d4 Qb6
15. Qd2 Ng4 16. Bxg4 hxg4 17. d5 Nc5 18. Na4 Qb5 19. dxc6+ Kxc6 20. Qd5+ Kc7
21. Nxc5 dxc5 22. Rf7 Qd7 23. Bxc5 Rhe8 24. Rd1 Rad8 25. Qxd7+ Rxd7 26. Rxd7+
Kxd7 27. Rxe7+ 1-0

[Event "FC Ergolding 1932-SG Grün-Weiß Baumschul"]
[Site "DVM U14 in Arendsee"]
[Date "2009.12.29"]
[Round "5.3"]
[White "Spilke, Paul"]
[Black "Schoepe, Tobias"]
[Result "1/2-1/2"]
[WhiteElo "1589"]
[BlackElo "1696"]
[PlyCount "64"]
[EventDate "2009.??.??"]
[WhiteTeam "SG Grün-Weiß Baumschulenweg"]
[BlackTeam "FC Ergolding 1932"]

1. d4 Nf6 2. Nf3 g6 3. c4 Bg7 4. Nc3 d5 5. e3 O-O 6. Be2 c6 7. Bd2 Nbd7 8. Qc2
Nb6 9. c5 Nbd7 10. b4 Re8 11. b5 e5 12. O-O e4 13. Ne1 Nf8 14. a4 Ne6 15. a5 a6
16. bxa6 bxa6 17. Na4 Nd7 18. Nb6 Rb8 19. Qa4 Bb7 20. Ra2 f5 21. Nc2 Qc7 22.
Nb4 Rf8 23. Bxa6 Ndxc5 24. dxc5 Nxc5 25. Qc2 Nxa6 26. Rc1 Nxb4 27. Bxb4 Rfd8
28. Bc5 Ba6 29. Ba3 Qf7 30. Qxc6 d4 31. Rd2 d3 32. h3 Qf6 1/2-1/2

[Event "FC Ergolding 1932-SG Grün-Weiß Baumschul"]
[Site "DVM U14 in Arendsee"]
[Date "2009.12.29"]
[Round "5.4"]
[White "Laimer, Tobias"]
[Black "Siegemund, Georg"]
[Result "1-0"]
[WhiteElo "1646"]
[BlackElo "1482"]
[PlyCount "69"]
[EventDate "2009.??.??"]
[WhiteTeam "FC Ergolding 1932"]
[BlackTeam "SG Grün-Weiß Baumschulenweg"]

1. e4 c5 2. Nf3 d6 3. d4 cxd4 4. Nxd4 Nf6 5. Nc3 g6 6. Be3 Bg7 7. f3 O-O 8. Qd2
Bd7 9. g4 Nc6 10. O-O-O Rc8 11. Kb1 Ne5 12. h4 h5 13. gxh5 Nxh5 14. Bh6 Nc4 15.
Bxc4 Rxc4 16. Bxg7 Kxg7 17. f4 Nxf4 18. Nf5+ Bxf5 19. exf5 Qc7 20. Rdf1 e5 21.
f6+ Kh7 22. h5 Qc5 23. Rfg1 Kg8 24. Na4 Rxa4 25. Qh2 Rb4 26. b3 Nd5 27. hxg6
Rxb3+ 28. cxb3 Nc3+ 29. Ka1 Qxg1+ 30. Rxg1 fxg6 31. Rxg6+ Kf7 32. Qh7+ Ke6 33.
Qe7+ Kf5 34. Qxf8 e4 35. Qe8 1-0

[Event "Stader SV-SF Paderborn 2000"]
[Site "DVM U14 in Arendsee"]
[Date "2009.12.29"]
[Round "5.1"]
[White "Hötte, Philipp"]
[Black "Lienau, Henrik"]
[Result "1-0"]
[WhiteElo "1836"]
[BlackElo "1707"]
[PlyCount "105"]
[EventDate "2009.??.??"]
[WhiteTeam "SF Paderborn 2000"]
[BlackTeam "Stader SV"]

1. c4 {[%emt 0:00:00]} Nf6 2. g3 g6 3. Bg2 Bg7 4. Nc3 O-O 5. d3 d6 6. e4 e5 7.
Nge2 Nc6 8. O-O Nd7 9. f4 exf4 10. Nxf4 Nde5 11. Be3 f5 12. h3 Ne7 13. d4 Nf7
14. g4 fxe4 15. Nxe4 c6 16. Qd3 d5 17. cxd5 Nxd5 18. Nxd5 cxd5 19. Nc3 Be6 20.
Rae1 Qd7 21. Ne2 Rae8 22. Nf4 Nd8 23. Qb3 Kh8 24. Nxe6 Rxf1+ 25. Kxf1 Nxe6 26.
Qxd5 Qxd5 27. Bxd5 Nxd4 28. Bf2 Rxe1+ 29. Kxe1 b6 30. Kd2 Nb5 31. b3 Be5 32. a4
Nc7 33. Bc4 Kg7 34. Kd3 Kf6 35. Ke4 Bd6 36. Be3 g5 37. Bd4+ Ke7 38. Kf5 Bf4 39.
Bf6+ Kd6 40. Bxg5 Bg3 41. Bf4+ Bxf4 42. Kxf4 Ne6+ 43. Bxe6 Kxe6 44. Kg5 Kd5 45.
Kh6 Kc5 46. g5 Kb4 47. Kxh7 Kxb3 48. g6 Kxa4 49. g7 b5 50. g8=Q a5 51. Qa2+ Kb4
52. h4 a4 53. h5 1-0

[Event "Stader SV-SF Paderborn 2000"]
[Site "DVM U14 in Arendsee"]
[Date "2009.12.29"]
[Round "5.2"]
[White "Vogt, Marc Jonas"]
[Black "Masalsky, Nicolai"]
[Result "1-0"]
[WhiteElo "1544"]
[BlackElo "1622"]
[PlyCount "95"]
[EventDate "2009.??.??"]
[WhiteTeam "Stader SV"]
[BlackTeam "SF Paderborn 2000"]

1. e4 {[%emt 0:00:00]} c5 2. Nf3 Nc6 3. d4 cxd4 4. Nxd4 g6 5. Nc3 Bg7 6. Be3
Nf6 7. Bc4 O-O 8. Bb3 d6 9. f3 Bd7 10. Qd2 a6 11. O-O-O Qc7 12. h4 h5 13. g4
hxg4 14. h5 gxh5 15. fxg4 Nxd4 16. Bxd4 Bxg4 17. Rdg1 Qa5 18. Bxf6 Bxf6 19. Qh2
Qg5+ 20. Kb1 Bg7 21. Nd5 Kh7 22. Nxe7 Be5 23. Qg2 Kg7 24. Nf5+ Kg6 25. Nh4+ Kg7
26. Nf3 Qg6 27. Nxe5 dxe5 28. Qh2 Rae8 29. Bc4 Rh8 30. Rf1 f6 31. Qf2 Re7 32.
Rhg1 Rf8 33. Be2 Qxe4 34. Bxg4 hxg4 35. Qh4 Qe2 36. Rxg4+ Kf7 37. Qxf6+ Ke8 38.
Qxf8+ Kd7 39. Qf5+ Kc7 40. Qf3 Qb5 41. Qc3+ Kb8 42. Rg8+ Ka7 43. Qe3+ b6 44.
Qf3 Rb7 45. Qf8 Qxf1+ 46. Qxf1 Rd7 47. Qh1 b5 48. c3 1-0